House price index (Record no. 117834)

MARC details
000 -LEADER
fixed length control field 01150cam a2200217 4500
001 - CONTROL NUMBER
control field WB4031-11
008 - FIXED-LENGTH DATA ELEMENTS--GENERAL INFORMATION
fixed length control field 040810n2004 000 0 eng u
035 ## - SYSTEM CONTROL NUMBER
System control number (Sirsi) u127043
245 ## - TITLE STATEMENT
Title House price index
260 ## - PUBLICATION, DISTRIBUTION, ETC.
Date of publication, distribution, etc. 2004
490 ## - SERIES STATEMENT
Series statement ODPM News Release
Volume/sequential designation (0192) 9 August 2004 (3)
520 ## - SUMMARY, ETC.
Summary, etc. The ODPM has entered the house price index fray by releasing its "Statistical release house price index: June 2004" (http://www.odpm.gov.uk/pns//pnattach/20040192/7.p df). Its figures reveal that annual house price inflation in the UK in June 2004 was 13.9%, up from 12.2% in May. Whilst the changes over the last three months have been influenced by the stronger growth of terraced houses and flats, the rise in May and June was more broadly-based, with flats rising by 1.3%, detached properties by 1.5%, semi-detached by 2.2% and terraced houses by 2.3%. http://www.odpm.gov.uk/pns/DisplayPN.cgi?pn_id=200 4_0192
590 ## - LOCAL NOTE (RLIN)
Local note WB
590 ## - LOCAL NOTE (RLIN)
Local note WB
650 ## - SUBJECT ADDED ENTRY--TOPICAL TERM
Topical term or geographic name entry element HOUSE PRICE INDEX
650 ## - SUBJECT ADDED ENTRY--TOPICAL TERM
Topical term or geographic name entry element HOUSE PRICE INFLATION
650 ## - SUBJECT ADDED ENTRY--TOPICAL TERM
Topical term or geographic name entry element HOUSE PRICE SURVEYS
650 ## - SUBJECT ADDED ENTRY--TOPICAL TERM
Topical term or geographic name entry element HOUSING MARKET SURVEYS
690 ## - LOCAL SUBJECT ADDED ENTRY--TOPICAL TERM (OCLC, RLIN)
Topical term or geographic name as entry element HOUSING-HOUSE PRICES
942 ## - ADDED ENTRY ELEMENTS (KOHA)
Suppress in OPAC 0
Holdings
Withdrawn status Lost status Source of classification or shelving scheme Damaged status Not for loan Home library Current library Shelving location Date acquired Total Checkouts Full call number Barcode Date last seen Copy number Price effective from Koha item type
    Dewey Decimal Classification     London London News article 10/08/2004   WB4031-11 127043-1001 06/08/2019 1 06/08/2019 News article